| 000 | 00645cam a22002052 4500 | ||
|---|---|---|---|
| 001 | 0000024234 | ||
| 005 | 20151217152258.0 | ||
| 008 | 130620s xx 000 0 eng d | ||
| 020 | _a0131494985 : | ||
| 040 |
_aKABU _cKABU |
||
| 100 | 1 |
_aClarke, Keith C. _@0000170286 |
|
| 245 | 1 | 0 |
_aGetting started with geographic information systems / _cKeith C. Clarke. |
| 250 | _a5th ed. | ||
| 260 |
_aUpper Saddle River, NJ. : _bPrentice Hall, _c2011. |
||
| 300 | _axii, 369 p. | ||
| 650 | 0 |
_aGeographic information systems. _@0000169612 |
|
| 852 | 1 | _9P6721.34 KES | |
| 908 | _a130620 | ||
| 950 | _@1 | ||
| 999 |
_c10199 _d10199 |
||